000 00677nam a2200193 i 4500
001 93714
003 ES-MaACL
005 20240420063035.0
007 t|
008 050418s1971 sp ||||1| spa d
100 0 _aLópez Estrada, Francisco,
_d1918-2010
_973627
245 1 0 _aRubén Darío y la Edad Media
_b: una perspectiva poco conocida sobre la vida y obra del escritor /
_cFrancisco López Estrada.
250 _a[1ª ed.].
260 _aBarcelona :
_bPlaneta,
_c1971.
300 _a164 p., 12 lám. ;
_c22 cm.
600 1 4 _aDarío, Rubén,
_d1867-1916-
_xCrítica e interpretación
_942722
852 _aES-MaACL
_jC-38335
_bR.76957
999 _c93714
_d93714